| 000 | 00588nam a22001937a 4500 | ||
|---|---|---|---|
| 999 |
_c524244 _d524244 |
||
| 003 | NUST | ||
| 020 | _a9694721997 | ||
| 038 | _awaseem | ||
| 082 |
_a230 _bJAW |
||
| 100 |
_aJawad, Yasir _914440 |
||
| 245 |
_aMukalmat e Confushis / _cYasir Jawad |
||
| 260 |
_aIslamabad : _bAcademy Adabiat e Pakistan, _c2006. |
||
| 300 | _a116 p. ; | ||
| 500 | _aBibliography. | ||
| 880 |
_6100-01\r _aیاسر جواد |
||
| 880 |
_6245-02\r _aمکالماتِ کنفیوشس / |
||
| 880 |
_6260-03\r _aاسلام آباد : _bاکادمی ادبیاتِ پاکستان, _c۲۰۰۶. |
||
| 942 |
_2ddc _cBK |
||